| 000 | 01089nas a2200301 4500 | ||
|---|---|---|---|
| 001 | BR0201528 | ||
| 003 | BR-BrBNA | ||
| 005 | 20231205102822.0 | ||
| 007 | ta | ||
| 008 | 230509b bl.|||p| |||| 00| 00por d | ||
| 040 |
_aBR-BrBNA _bpor _cBiblioteca Nacional de Agricultura |
||
| 041 | _a(Pt) | ||
| 072 | _aH10 | ||
| 100 | 1 | _aColler, K.F.S. | |
| 100 | 1 | _aEiras, A.E. | |
| 100 | 1 | _aAlbuquerque, G.S. | |
| 100 | 1 | _aBlackmer, J.L. | |
| 100 | 1 | _aAraújo, M.C. | |
| 100 | 1 | _aMonteiro, L.B. | |
| 245 | 1 | _aLocalização de presas á curta distância por Neoseiulus californicus (McGregor)(Acari: Phytoseiidae): o papel dos Aleloquímicos dos ácaros fitófagos Panonychus ulmi (Koch)e Tetranychus urticae Koch (Acari: Tetranychidae)e da planta hospedeira, Malus domestica (Borkham) | |
| 650 | _aMaçã | ||
| 650 | _aÁcaro | ||
| 650 | _aPlanta Hospedeira | ||
| 650 | _aAlelopatia | ||
| 773 | 0 |
_tAnais da Sociedade Entomológica do Brasil (Brazil) _xISSN 0301-8059 _g(Dec 2000), v. 29(4) p. 705-713 _wBR0201528 |
|
| 909 |
_a202311 _bLúcia _c55 _dLúcia Elande |
||
| 942 |
_2AGRIS _n0 _cANA |
||
| 999 |
_c169504 _d169504 |
||